00653nam a2200157 a 4500003000200000005001700002008004100019050003000060100002000090245014600110260009000256300004000346504004100386650002900427650003900456020250421120507.0060801s19uu xx 00 eng d aPHS LB 1028.38b.L44 2006 aLee, Hwan Hyun. aA Comparative study on the perceived effectiveness of S.O.F. as an instructional strategy between SISC faculty and students /cHwan Hyun Lee. aLas Piñas City, Philippines :bSouthville International School and Colleges,c2006. a33 pages :billustrations ;c28 cm. aIncludes bibliographical references. aTeachingxEffectiveness. aInstructional systemsxEvaluation.